Máte plánovanie pod palcom?

Základy pre plánovanie a rozpočtovanie v moderných organizáciách. Dôkladná analýza a následná optimalizácia výkonnosti oddelení, divízií, ale aj jednotlivcov. Ako má vyzerať moderné plánovanie. Inteligentné technológie. Moderné prístupy k plánovaniu.

Salvato in:
Dettagli Bibliografici
Autore principale: Balažovič, Igor
Natura: Capitolo di libro
Lingua:slovacco
Soggetti:
Tags: Aggiungi Tag
Nessun Tag, puoi essere il primo ad aggiungerne!!

MARC

LEADER 00000naa a2200000 4500
001 0136744
005 20231011122150.2
041 0 |a slo 
044 |a SK 
245 1 0 |a Máte plánovanie pod palcom?  |c Igor Balažovič 
520 |a Základy pre plánovanie a rozpočtovanie v moderných organizáciách. Dôkladná analýza a následná optimalizácia výkonnosti oddelení, divízií, ale aj jednotlivcov. Ako má vyzerať moderné plánovanie. Inteligentné technológie. Moderné prístupy k plánovaniu. 
610 2 0 |a plánovanie 
610 2 0 |a analýzy 
610 2 0 |a optimalizácia 
610 2 0 |a technológie nové 
610 2 0 |a inteligencia 
100 1 |a Balažovič, Igor